Szczegóły MARC21

Wokół szkoły i nauczyciela : skrypt dla studentów filologii polskiej /

005 -DATA I CZAS OSTATNIEJ MODYFIKACJI [,]
    • @
    • pole kontrolne
    • 20090526124633.0
020 -Międzynarod. znormalizowany nr książki - ISBN [ , ]
    • a
    • Numer ISBN
    • 8322710828 Find
040 -Instytucja sporządzająca opis [ , ]
    • a
    • Instytucja, która sporządziła opis (NP)
    • SZCZ U/KLR
    • c
    • Instytucja, która sporządziła rekord (NP)
    • SZCZ U/KLR
    • d
    • Instytucja, która zmodyfikowała rekord (P)
    • SZCZ U/BB
041 -Język dokumentu [0, ]
    • a
    • Język tekstu (P)
    • polski
044 -Kraj miejsca wydania [ , ]
    • a
    • Kraj miejsca wydania
    • Polska
942 -Rodzaj dokumentu [ , ]
    • c
    • Rodzaj dokumentu
    • Książka
245 -Strefa tytułu i oznaczenia odpowiedzialności [0,0]
    • a
    • Tytuł
    • Wokół szkoły i nauczyciela : Find
    • b
    • Ciąg dalszy tytułu (NP)
    • skrypt dla studentów filologii polskiej / Find
    • c
    • Pozostałe elementy strefy tytułu i oznaczenia odpowiedzialności (NP)
    • pod red. Haliny Wiśniewskiej i Janusza Plisieckiego.
250 -Strefa wydania [ , ]
    • a
    • Oznaczenie wydania (NP)
    • [Wyd. 2].
260 -Strefa adresu wydawniczego [ , ]
    • a
    • Miejsce wydania (P)
    • Lublin :
    • b
    • Nazwa wydawcy (P)
    • Wydawnictwo Uniwersytetu Marii Curie-Skłodowskiej,
    • c
    • Data wydania (P)
    • 1997.
300 -Strefa opisu fizycznego [ , ]
    • a
    • Określenie formy książki i/lub objętość (NP)
    • 160 s. ;
    • c
    • Format (NP)
    • 21 cm.
080 -Uniwersalna Klasyfikacja Dziesiętna [ , ]
    • 2
    • Identyfikator wydania tablic
    • UDC - P058
    • a
    • Symbol klasyfikacji
    • 37.016:811.162.1
    • b
    • Dopowiedzenie
    • Nauczanie języka polskiego.
    • x
    • Poddział wspólny
    • (075.8)
    • b
    • Dopowiedzenie
    • (Podręczniki dla szkół wyższych. Skrypty).
080 -Uniwersalna Klasyfikacja Dziesiętna [ , ]
    • 2
    • Identyfikator wydania tablic
    • UDC - P058
    • a
    • Symbol klasyfikacji
    • 37.016:821.162.1
    • b
    • Dopowiedzenie
    • Nauczanie literatury polskiej.
    • x
    • Poddział wspólny
    • (075.8)
    • b
    • Dopowiedzenie
    • (Podręczniki dla szkół wyższych. Skrypty).
980 -Symbol UKD [ , ]
    • a
    • UKD
    • 37.016:811.162.1:37.016:821.162.1](075.8)
700 -Hasło dodatkowe - nazwa osobowa [1, ]
    • a
    • Nazwa osobowa (NP)
    • Wiśniewska, Halina Find
    • d
    • Daty biograficzne (NP)
    • (1931-2018).
    • e
    • Określenie rodzaju współpracy
    • Red.
    • 9
    • KHW
    • 257381
700 -Hasło dodatkowe - nazwa osobowa [1, ]
    • a
    • Nazwa osobowa (NP)
    • Plisiecki, Janusz Find
    • d
    • Daty biograficzne (NP)
    • (1932-).
    • e
    • Określenie rodzaju współpracy
    • Red.
920 -ISBN [ , ]
    • a
    • ISBN
    • 83-227-1082-8 Find
Data inwentaryzacji Lokalizacja Status udost. Numer inwentarzowy
2009-04-07BG1Z.112818